Making it happen - The Northern Way (Record no. 116995)
[ view plain ]
| 000 -LEADER | |
|---|---|
| fixed length control field | 00974cam a2200217 4500 |
| 001 - CONTROL NUMBER | |
| control field | WB4005-17 |
| 008 - FIXED-LENGTH DATA ELEMENTS--GENERAL INFORMATION | |
| fixed length control field | 040204n2004 000 0 eng u |
| 035 ## - SYSTEM CONTROL NUMBER | |
| System control number | (Sirsi) u125021 |
| 245 ## - TITLE STATEMENT | |
| Title | Making it happen - The Northern Way |
| 260 ## - PUBLICATION, DISTRIBUTION, ETC. | |
| Date of publication, distribution, etc. | 2004 |
| 490 ## - SERIES STATEMENT | |
| Series statement | ODPM News Release |
| Volume/sequential designation | (2004/0019) 2 February 2004 (4) |
| 520 ## - SUMMARY, ETC. | |
| Summary, etc. | The Deputy Prime Minister has unveiled a multimillion pound package to create jobs, sustainable communities and economic growth in an attempt to reduce the north-south divide. It is planned that the Deputy Prime Minister will work closely with Regional Development Agencies to bring these changes about. A 'northern growth corridor' will also be developed. http://www.odpm.gov.uk/pns/DisplayPN.cgi?pn_id=200 4_0019 |
| 590 ## - LOCAL NOTE (RLIN) | |
| Local note | WB |
| 590 ## - LOCAL NOTE (RLIN) | |
| Local note | WB |
| 650 ## - SUBJECT ADDED ENTRY--TOPICAL TERM | |
| Topical term or geographic name entry element | NORTH-SOUTH DIVIDE |
| 650 ## - SUBJECT ADDED ENTRY--TOPICAL TERM | |
| Topical term or geographic name entry element | SUSTAINABLE COMMUNITIES |
| 650 ## - SUBJECT ADDED ENTRY--TOPICAL TERM | |
| Topical term or geographic name entry element | REGIONAL DEVELOPMENT AGENCIES |
| 650 ## - SUBJECT ADDED ENTRY--TOPICAL TERM | |
| Topical term or geographic name entry element | NORTHERN ENGLAND |
| 690 ## - LOCAL SUBJECT ADDED ENTRY--TOPICAL TERM (OCLC, RLIN) | |
| Topical term or geographic name as entry element | REGENERATION |
| 942 ## - ADDED ENTRY ELEMENTS (KOHA) | |
| Suppress in OPAC | 0 |
| Withdrawn status | Lost status | Source of classification or shelving scheme | Damaged status | Not for loan | Home library | Current library | Shelving location | Date acquired | Total Checkouts | Full call number | Barcode | Date last seen | Copy number | Price effective from | Koha item type |
|---|---|---|---|---|---|---|---|---|---|---|---|---|---|---|---|
| Dewey Decimal Classification | London | London | News article | 04/02/2004 | WB4005-17 | 125021-1001 | 06/08/2019 | 1 | 06/08/2019 | News article |